000 00305nam a22001337a 4500
008 170615b xxu||||| |||| 00| 0 eng d
020 _a9781883589998
041 _aeng
080 _a94
100 _a18
101 _aSHH
245 _aCOMMON SENSE AND FOREIGN POLICY
_cSTEMPEL.J.D
942 _2udc
_cBK
999 _c17544
_d17544